00750nam a2200157Ia 4500999001700000041001200017082001200029100005300041245019300094260006600287300000900353650007000362650001200432942001200444952013600456 c27056d27056 aEnglish aRP.0322 aPatil, Laxman HanmantraouShivaji College, Udgir 4aThe social and economical changes in the life of below poverty level families due to golden jubilee rural self- employment policy in Maharashtra :bA case study / cLaxman Hanmantrao Patil aNew Delhi :bIndian Council of Social Science Research,c2015 a107p aEmployment policiesvSelf Employment PoliciesxIndiazMaharashtra aPoverty 2ddccRP 001040718MRPaNASSDOCbNASSDOCd2021-11-18eGifted by: RP Division ICSSRl0oRP.0322p51688r2021-12-20 00:00:00w2021-12-20yRP